| 000 | 01123cam a2200325 i 4500 | ||
|---|---|---|---|
| 001 | 16061844 | ||
| 003 | OSt | ||
| 005 | 20180116183043.0 | ||
| 008 | 100120s2011 mauab b 001 0 eng | ||
| 010 | _a 2010921089 | ||
| 020 | _a9780495902959 (combined volume) | ||
| 020 | _a0495902950 (combined volume) | ||
| 040 |
_aDLC _beng _erda _cDLC _dDLC |
||
| 042 | _apcc | ||
| 050 | 0 | 0 |
_aD20 _b.D918 2011 |
| 082 | 0 | 0 |
_a909 _223 |
| 100 | 1 |
_aDuiker, William J., _d1932- |
|
| 245 | 1 | 4 |
_aThe essential world history .Volume 1. _cWilliam J. Duiker, The Pennsylvania State University, Jackson J. Spielvogel, The Pennsylvania State University. |
| 250 | _aSixth edition. | ||
| 260 |
_aAustralia. _bWADSWORTH Cengage Learning. _c2011. |
||
| 300 |
_axxxv, 844 pages : _billustrations, maps ; _c26 cm |
||
| 500 | _aPaper Cover | ||
| 504 | _aIncludes bibliographical references and index. | ||
| 600 | _aDuiker, William J. | ||
| 650 | 0 | _aWorld history. | |
| 700 | 1 |
_aSpielvogel, Jackson J., _d1939- |
|
| 906 |
_a7 _bcbc _corignew _d2 _eepcn _f20 _gy-gencatlg |
||
| 942 |
_2ddc _cBK _k909 |
||
| 999 |
_c351329 _d351329 |
||